Normal view
MARC view
- Chleusebairgue, Alejandro
Entry Nombre Personal
001 - NUMERO DE CONTROL
- campo de control: 51681
003 - IDENTIFICADOR DE NUMERO DE CONTROL
- campo de control: MX-MxUPN
005 - FECHA Y HORA DE LA ÜLTIMA TRANSACCIÓN
- campo de control: 20240422155030.0
008 - DATOS DE LONGITUD FIJA
- campo de control de longitud fija: 240422|| aca||aabn | aaa d
040 ## - FUENTE DE CATALOGACIÓN
- Agencia original de catalogación: MX-MxUPN
- Lenguaje de catalogación: spa
- Agencia de transcripción: MX-MxUPN
100 1# - ENCABEZAMIENTO - NOMBRE PERSONAL
- Nombre personal: Chleusebairgue, Alejandro
670 ## - FUENTE EN LA QUE SE LOCALIZARON DATOS
- Cita de la fuente: Psicología del trabajo profesional, 1934:
- Información localizada: portada (Alejandro Chleusebairgue)
902 ## - CATALOGADOR
- Catalogador: Víctor Ruiz/220424
